header

Medicine Meets Virtual Reality 20 (Record no. 61390)

MARC details
000 -LEADER
fixed length control field 01489nam a2200337Ia 4500
245 00 - TITLE STATEMENT
Title Medicine Meets Virtual Reality 20
260 ## - PUBLICATION, DISTRIBUTION, ETC. (IMPRINT)
Place of publication Amsterdam ;
-- Washington, DC :
Name of publisher IOS Press,
Year of publication 2013.
300 ## - PHYSICAL DESCRIPTION
Number of Pages xxix, 488 p. :
Other physical details ill.
490 1# - SERIES STATEMENT
Series statement Studies in health technology and informatics,
500 ## - GENERAL NOTE
General note Proceedings of the conference Medicine Meets Virtual Reality 20.
650 #0 - SUBJECT ADDED ENTRY--TOPICAL TERM
Topical Term Computer vision in medicine
Topical Term Virtual reality in medicine
700 1# - ADDED ENTRY--PERSONAL NAME
Personal name Westwood, James D.
856 40 - ELECTRONIC LOCATION AND ACCESS
Uniform Resource Identifier http://site.ebrary.com/lib/rucke/Doc?id=10667651

No items available.

© 2026 Rongo University
Contact us: librarian | system librarian | Rongo university